Sports Quiz

Random Sports Quiz

Leeds United Champions League Players Quiz Stats

 Plays Quiz not verified by Sporcle

Challenge
Share
Tweet
Embed
Score 0/25 Timer 10:00
0 Plays Today
Player % Correct
Mark Viduka
95.7%
Alan Smith
90%
Ian Harte
88.6%
Rio Ferdinand
87.9%
Harry Kewell
87.9%
Lee Bowyer
85.7%
Gary Kelly
85.7%
Nigel Martyn
85.7%
Paul Robinson
85.7%
Lucas Radebe
80.7%
Jonathan Woodgate
78.6%
Olivier Dacourt
77.9%
David Batty
77.1%
Player % Correct
Dominic Matteo
74.3%
Danny Mills
74.3%
Eirik Bakke
70%
Michael Bridges
63.6%
Jason Wilcox
62.1%
Michael Duberry
52.9%
Stephen McPhail
49.3%
Darren Huckerby
45.7%
Jacob Burns
36.4%
Danny Hay
29.3%
Alan Maybury
29.3%
Tony Hackworth
17.1%

You're not logged in!

Compare scores with friends on all Sporcle quizzes.
Join for Free
OR
Log In

You Might Also Like...

Show Comments

Extras

Top Quizzes Today


Score Distribution

Your Account Isn't Verified!

In order to create a playlist on Sporcle, you need to verify the email address you used during registration. Go to your Sporcle Settings to finish the process.

Report this User

Report this user for behavior that violates our Community Guidelines.

Details: